Match the Historical Figure - Statistics

General Stats
  • This quiz has been taken 56 times
  • The average score is 21 of 28
Answer Stats
Hint Answer % Correct
Second wife of Henry VIII and queen of England Anne Boleyn
94%
German philosopher and political theorist, father of communism Karl Marx
94%
Former president of Russia Boris Yeltsin
88%
Former president of Poland Lech Wałęsa
88%
Pakistani education activist who was shot in the head by the Taliban Malala Yousafazi
88%
Roman consul and lover of Cleopatra Mark Antony
88%
Lord Protector of England Oliver Cromwell
88%
Emperor of Mali and the richest man in history Mansa Musa
85%
German priest, theologian, and author Martin Luther
85%
French revolutionary turned dictator Maximilien Robespierre
85%
Former NSA intelligence contractor and whistleblower Edward Snowden
79%
Irish author, poet, and playwright Oscar Wilde
79%
Norwegian dictator Vidkun Quisling
79%
Sixth US president John Quincy Adams
77%
Haitian revolutionary Toussaint L’Overture
77%
First American woman in space Sally Ride
75%
Second US president John Adams
73%
Scottish economist and founder of capitalism Adam Smith
69%
Fifth wife of Henry VIII and queen of England Catherine Howard
69%
American outlaw Jesse James
69%
Infamous pirate, better known as Blackbeard Edward Teach
67%
English philosopher and physician, father of liberalism John Locke
67%
American agricultural scientist and inventor George Washington Carver
63%
American civil rights activist and politician Jesse Jackson
63%
First British PM Robert Walpole
56%
English poet, love of Shakespeare Anne Hathaway
52%
English explorer, soldier, and governor of New England John Smith
48%
Liberian dictator Charles Taylor
46%
No matching quizzes found
Score Distribution
Percent of People with Each Score
Percentile by Number Answered
Your Score History
You have not taken this quiz